000 01039nam a2200253 a 4500
001 BRCA_8935
005 20190320210449.0
008 290617s1730----sp-#######---#000-0#spa-#
041 _aspa
044 _asp
084 _aLE28
_b.J43 1730
100 1 _aJeann-Marie
_cLe prince de Beaumont
_922206
245 1 0 _aBiblioteca completa de educación o instrucciones para las señoras jóvenes
_ben la edad de entrar ya en la sociedad y poderse casar
_cobra escrito en francés por Madama Le Prince de Beaumont; y traducida al castellano por Don Joseph de la Fresa.
260 _aMadrid
_bPor D. Manuel Martin
_c1730
300 _a266 p. (t.4)
_c15.3 x 10.3 cm
500 _aCon las licencias necesarias
500 _aEstado físico: presenta encuadernación en pergamino deteriorado y presencia del pez de plata
650 1 4 _aMujer
_xEducación
_922207
650 1 4 _aEducación
_yObras anteriores a 1800
_921679
700 1 _aFresa, Joseph de la
_etr.
_922208
700 1 _aManuel Martin
_eImpresor
_922209
902 _aCFM
942 _2lcc
_cB
999 _c8586
_d8586